| 000 | 00626nam a2200229Ia 4500 | ||
|---|---|---|---|
| 005 | 20250508163858.0 | ||
| 008 | 008 250505s9999 xx 000 0 hin d | ||
| 020 | _a81-7146-041-0 | ||
| 037 | _aTextBook | ||
| 040 |
_aFEDL _beng _cFEDL |
||
| 041 |
_ahin _2eng |
||
| 084 |
_a370.1, ZAK _qFEDL |
||
| 100 |
_aMuzaffer Ali _9776645 |
||
| 245 | 0 | _aDr. Zakir Hussian ka siksha darshan | |
| 260 |
_aDelhi, India _bArun Prakashan _c1999 |
||
| 300 | _a158p | ||
| 365 |
_aINR _b175 |
||
| 490 | _aShiska Ke Vividh Aayam | ||
| 650 | _aEducational Philosophy | ||
| 942 |
_cTB _h370.1, ZAK |
||
| 999 |
_c1385758 _d1385758 |
||